Calculus for biology and medicine / (Record no. 2619)

000 -LEADER
fixed length control field 00817pam a2200265 a 4500
003 - CONTROL NUMBER IDENTIFIER
control field UkOxU
005 - DATE AND TIME OF LATEST TRANSACTION
control field 20210715082949.0
008 - FIXED-LENGTH DATA ELEMENTS--GENERAL INFORMATION
fixed length control field 090713s2011 maua b 001 0 eng
020 ## - INTERNATIONAL STANDARD BOOK NUMBER
International Standard Book Number 9781269393690
040 ## - CATALOGING SOURCE
Transcribing agency StDuBDS
042 ## - AUTHENTICATION CODE
Authentication code ukblcatcopy
050 00 - LIBRARY OF CONGRESS CALL NUMBER
Classification number QA323.5
Item number .N46 2011
100 1# - MAIN ENTRY--PERSONAL NAME
Personal name Neuhauser, Claudia,
Dates associated with a name 1962-
245 10 - TITLE STATEMENT
Title Calculus for biology and medicine /
Statement of responsibility, etc. Claudia Neuhauser.
250 ## - EDITION STATEMENT
Edition statement 3rd ed.
260 ## - PUBLICATION, DISTRIBUTION, ETC.
Place of publication, distribution, etc. Boston, MA ;
-- London :
Name of publisher, distributor, etc. Pearson,
Date of publication, distribution, etc. c2011.
300 ## - PHYSICAL DESCRIPTION
Extent 782 p. :
Other physical details ill. ;
Dimensions 28 cm.
500 ## - GENERAL NOTE
General note "International edition"--Cover.
504 ## - BIBLIOGRAPHY, ETC. NOTE
Bibliography, etc. note Includes bibliographical references and index.
650 #0 - SUBJECT ADDED ENTRY--TOPICAL TERM
Topical term or geographic name entry element Biomathematics
Form subdivision Textbooks.
650 #0 - SUBJECT ADDED ENTRY--TOPICAL TERM
Topical term or geographic name entry element Medicine
General subdivision Mathematics
Form subdivision Textbooks.
650 #0 - SUBJECT ADDED ENTRY--TOPICAL TERM
Topical term or geographic name entry element Calculus
Form subdivision Textbooks.
942 ## - ADDED ENTRY ELEMENTS (KOHA)
Source of classification or shelving scheme
Koha item type Book
Suppress in OPAC SO
Holdings
Withdrawn status Lost status Source of classification or shelving scheme Damaged status Not for loan Permanent Location Current Location Shelving location Date acquired Source of acquisition Total Checkouts Full call number Barcode Date due Date last seen Date last checked out Price effective from Koha item type Public note
          AU LIBRARY AU LIBRARY Open Shelf 15.07.2021 DONATION FROM MOI UNIVERSITY 1 QA323.5 .N46 2011 28002917 18.11.2021 04.11.2021 04.11.2021 15.07.2021 Book SO

Powered by Koha